[Event "Norm Congress-GM 2018"]
[Site "Saint Louis"]
[Date "2018.02.11"]
[Round "7"]
[White "Abrahamyan, Tatev"]
[Black "Patel, Advait"]
[Result "0-1"]
[WhiteElo "2332"]
[BlackElo "2478"]
[Annotator "TA"]
[PlyCount "122"]
[EventDate "2018.??.??"]
[EventType "schev"]
[EventCountry "USA"]
[SourceTitle "playchess.com"]
[Source "ChessBase"]
[SourceQuality "1"]

{[%evp 22,122,27,0,17,18,39,-1,0,-27,-24,-91,-57,-87,-58,-67,-11,-83,-78,-78,-42,-105,-75,-54,-58,-95,-87,-92,-58,-54,-35,-139,-161,-194,-16,-16,-18,-42,-15,-52,-16,-94,-12,-43,-24,-57,-29,-15,-29,-101,-100,-97,-90,-142,-49,-69,-43,-48,-60,-86,9,16,8,0,16,22,42,0,77,-146,-174,-179,-140,-202,-168,-411,-14,-462,-416,-426,-444,-429,-401,-351,-343,-472,-472,-1972,-1153,-970,-695,-631,-411,-382,-376,-625,-629,-598,-564,-583,-550,-29989,-29990]} 1. e4 e5 2. Nf3 Nc6 3. Bc4 Bc5 4. O-O Nf6 5. d3 d6 6. c3 O-O 7. Nbd2 a6 8. Bb3 h6 9. Re1 Be6 {C54: Giuoco Piano: 4 c3 Nf6, main lines with 5 d4 and 5 d3} 10. Bc2 (10. Bxe6 fxe6 11. Nf1 Qd7 12. b4 Ba7 13. Be3 Bxe3 14. Rxe3 Ne7 15. a4 Kh8 16. Re1 Rf7 17. N1d2 {½-½ (28) Huschenbeth,N (2596)-Bacrot,E (2723) Germany 2018}) 10... Re8 11. h3 d5 12. Qe2 {LiveBook: 5 Games} Bf8 13. Nf1 g6 14. N3h2 $146 ({Predecessor:} 14. Ng3 Bg7 15. Be3 Qe7 {½-½ (58) Young,A (2023)-Kett,T (2223) Bridgend 2018}) 14... d4 15. Qf3 Bg7 16. g4 (16. Bd2 $11 {keeps the balance.}) 16... Nh7 17. Qg2 b5 18. Ng3 Kh8 (18... dxc3 $15 19. bxc3 b4) 19. Kh1 (19. Ne2 $11) 19... a5 $17 {[%cal Ba6a5,Ba5a4][%mdl 32]} 20. Nf3 a4 $36 {[%mdl 2048] Black fights for an advantage.} 21. a3 (21. cxd4 $15 Nxd4 22. Nxd4 Qxd4 23. a3) 21... Na5 22. cxd4 exd4 23. Bf4 c5 24. Rad1 Nc6 25. Ne2 b4 26. Rc1 (26. Bh2 $15) 26... c4 27. dxc4 bxa3 $2 (27... d3 $19 28. Rcd1 (28. Red1 $2 Bxb2 29. Bxd3 Bxc1 $19) 28... dxc2 29. Rxd8 Raxd8) 28. bxa3 $11 Bxc4 29. Bb1 Bb5 30. Rcd1 Qb6 31. Nc1 (31. e5 $11 {remains equal.}) 31... Bc4 ({Black should play} 31... Qc5 $17 32. Bd3 Bxd3 33. Rxd3 Rad8) 32. Bd3 (32. Nd2 $5 {[%cal Rd2c4]}) 32... Qb5 33. e5 Nf8 34. Bxc4 Qxc4 35. Nd3 (35. Bg3 $11) 35... Ne6 36. Bc1 Rab8 37. Nf4 ({Better is} 37. Ng1) 37... Ng5 (37... Qc3 $17 38. Nd5 Qc5) 38. Nd2 $15 Qc2 39. h4 $1 {[%cal Rh4g5]} Bxe5 40. Nxg6+ fxg6 (40... Qxg6 $17 41. hxg5 hxg5) 41. hxg5 $11 hxg5 {Hoping for ...Bf4.} 42. Nf3 Rb1 43. Nxg5 {White threatens Qh3+ and mate.} Kg7 $1 44. Qf3 {Qf7+ would kill now.} Qc4 (44... Rh8+ 45. Kg2 $16) (44... Nd8 $11) 45. Bf4 $2 {[#]} (45. Kg2 $16 {and life is bright.}) 45... Bxf4 $1 $17 {[%mdl 512]} 46. Rxb1 (46. Qxf4 Rxe1+) 46... Rxe1+ 47. Rxe1 Bxg5 48. Re8 $2 (48. Qe4 {was necessary.}) 48... Bf6 $2 {[#]} (48... Be7 $1 $19 {( -> ...Qf1+)} 49. Qh3 Qd5+ 50. Kg1 Kf7) 49. Qh3 $2 {[%mdl 8192]} (49. g5 $1 $11 {[%mdl 512] and White is okay.} Be7 {[#]} (49... Bxg5 50. Qf8+) 50. Rxe7+ $1 {[%mdl 512]} Nxe7 51. Qf6+ Kg8 52. Qxe7) 49... Qd5+ $19 (49... Kf7 $2 50. Rc8 $19) 50. Kg1 {Intending Qh8+ and mate.} Kf7 51. Rc8 Ne7 52. Rc1 Qe4 53. Rd1 Nd5 54. Rc1 (54. Qg2 $142 Qe5 55. Qf3) 54... Nc3 {White must now prevent ...Ne2+.} 55. Kf1 Qe2+ 56. Kg2 Qd2 57. Rh1 Nd5 58. Qf3 $2 (58. Qh7+ Bg7 59. Rb1 Nf4+ 60. Kg1) 58... Nf4+ 59. Kg3 Be5 60. Rh7+ Kg8 61. Rd7 {Strongly threatening Qa8+.} Nd3+ {Precision: White = 24%, Black = 35%.} 0-1

[Event "Norm Congress-GM 2018"]
[Site "Saint Louis"]
[Date "2018.02.12"]
[Round "8"]
[White "Chandra, Akshat"]
[Black "Gurevich, Daniel"]
[Result "0-1"]
[WhiteElo "2510"]
[BlackElo "2483"]
[Annotator "TA"]
[PlyCount "64"]
[EventDate "2018.??.??"]
[EventType "schev"]
[EventCountry "USA"]
[SourceTitle "playchess.com"]
[Source "ChessBase"]
[SourceQuality "1"]

{[%evp 21,64,20,14,14,18,0,15,13,13,0,0,0,0,0,0,0,0,-7,0,0,0,0,11,0,0,0,0,0,33,32,22,-78,-62,-69,-57,-95,-95,-106,-110,-316,-287,-302,-295,-702,-695]} 1. e4 c6 2. d4 d5 3. exd5 cxd5 4. Bd3 Nc6 5. c3 Nf6 6. h3 g6 7. Bf4 Bg7 {B13: Caro-Kann (Abtausch-Variante 4.c4)} (7... Bf5 8. Bxf5 gxf5 9. Nf3 Qb6 10. Qb3 e6 11. O-O Ne4 12. Nbd2 Be7 13. Rad1 Qxb3 14. Nxb3 b5 15. Ne5 Nxe5 16. Bxe5 Rg8 {0-1 (34) Socko,B (2617)-Navara,D (2727) Wroclaw 2014}) 8. Nd2 e5 9. dxe5 Nd7 10. Ngf3 O-O 11. O-O Ndxe5 {LiveBook: 4 Partien} 12. Nxe5 Nxe5 13. Nf3 Nxf3+ 14. Qxf3 Qb6 $146 ({Vorgänger:} 14... Be6 15. Rfd1 Qb6 16. Rd2 Rfd8 17. Bg5 {½-½ (33) Martinez Reyes,P (2246)-Semerene Indriago,D (2276) Lecheria 2014}) 15. Rab1 Be6 16. Rfe1 Rac8 17. Qe2 a6 18. a3 Rfd8 19. h4 d4 20. c4 Qb3 {[%cal Re6c4]} 21. Rbc1 Rc5 22. Qd2 a5 23. Bg5 Rd7 24. Rcd1 Bf8 25. Re4 h6 26. Bf6 {[#]} (26. Bf4 $11) 26... Bg7 $1 $17 {[%cal Rg7f6]} 27. Bxg7 Kxg7 28. Bf1 d3 $1 29. Bxd3 b5 $36 {[%cal Rb5c4][%mdl 2048] Läuft bei Schwarz.} ({Viel schlechter ist} 29... Rxc4 $6 30. Rxc4 Bxc4 31. Bc2 $11) ({Viel schwächer wäre} 29... Bxc4 $6 30. Bc2 $11) 30. cxb5 $2 {[#]} (30. Qc3+ $17 Qxc3 31. bxc3) 30... Rcd5 31. Re3 Bf5 {[%cal Rd5d3]} 32. Bxf5 $2 (32. Qc3+ Qxc3 33. bxc3 Bxd3 34. b6) 32... Qxd1+ {Precision: Weiß = 29%, Schwarz = 90%.} 0-1

[Event "Norm Congress-GM 2018"]
[Site "Saint Louis"]
[Date "2018.02.12"]
[Round "8"]
[White "Khamrakulov, Djurabek"]
[Black "Abrahamyan, Tatev"]
[Result "1-0"]
[WhiteElo "2496"]
[BlackElo "2332"]
[Annotator "TA"]
[PlyCount "137"]
[EventDate "2018.??.??"]
[EventType "schev"]
[EventCountry "USA"]
[SourceTitle "playchess.com"]
[Source "ChessBase"]
[SourceQuality "1"]

{[%evp 27,137,35,37,16,16,16,17,14,20,25,37,33,26,14,37,37,37,37,35,12,35,33,47,42,41,45,48,35,45,27,27,30,44,31,33,27,41,35,35,35,35,25,52,17,26,20,96,102,83,83,83,83,99,25,70,72,79,7,9,10,10,10,19,0,0,0,0,0,7,10,18,14,38,0,38,8,15,10,27,0,0,0,8,12,7,0,0,-6,6,0,2,0,0,0,0,0,9,13,20,43,161,135,171,176,172,160,208,215,12842,12843,12846,12846]} 1. e4 e6 2. d4 d5 3. Nd2 a6 4. Bd3 c5 5. dxc5 Bxc5 6. exd5 exd5 7. Ngf3 Ne7 8. Nb3 Bd6 9. Bg5 {[%cal Bc1g5,Bg5h4,Bh4g3][%mdl 32]} Nbc6 10. Bh4 Bg4 11. Bg3 h6 12. O-O O-O 13. c3 Re8 14. Re1 Qc7 {LiveBook: 5 Games. C09: French Tarrasch: 3...c5 4 exd5 exd5 5 Ngf3 Nc6} 15. Bxd6 $146 ({Predecessor:} 15. Be2 Rad8 16. Nfd4 Bc8 17. Bxd6 Qxd6 18. Qd2 Ng6 19. Nxc6 bxc6 20. Bf1 Re6 21. Rad1 Nf4 22. Rxe6 Nxe6 {0-1 (47) Redondo Benavente,J (2184)-Kuzubov,Y (2635) Benasque 2016}) 15... Qxd6 16. h3 Bh5 {The position is equal.} 17. Re3 Rad8 18. Qe2 Bxf3 19. Qxf3 Ne5 20. Qg3 (20. Qf4 {looks sharper.} N7c6 21. Rae1 Re7 22. Bf1 Kf8 23. Qf5) 20... Nxd3 (20... N7c6 {feels hotter.} 21. Rae1 Kf8 22. Rd1 Re7 23. f4 Nd7) 21. Qxd6 Rxd6 22. Rxd3 Ng6 23. Kf1 Nf4 24. Rd4 Ne6 25. Rd2 Red8 26. Rad1 Kf8 27. g3 Ke7 28. f4 g6 29. Kg2 b6 30. Re2 Kf6 31. Nd4 Rc8 32. Nc2 b5 33. Red2 Rcd8 34. Kf3 a5 35. a3 h5 36. Nd4 Nc7 (36... b4 $11 {remains equal.}) 37. g4 $16 hxg4+ 38. hxg4 Rb6 39. g5+ Ke7 40. Nc2 (40. Kg4 $16) 40... f6 41. Re1+ Re6 42. Rde2 (42. gxf6+ $1 $16 Kd6 43. Rxe6+ Kxe6 44. Rh2) 42... Kd6 $11 43. Nd4 Rxe2 44. Rxe2 fxg5 45. fxg5 {[%mdl 4096] Endgame KRN-KRN} Rf8+ 46. Kg3 Rf1 47. Kg2 Rd1 48. Rf2 {And now Rf6+ would win.} b4 $1 49. Rf6+ Kd7 $1 50. Nf3 b3 51. Ne5+ Ke8 52. Rc6 Kd8 53. Rxg6 Rd2+ 54. Kf3 Rxb2 55. Rb6 Rb1 56. g6 {Intending g7 and mate.} Ne8 $1 {Strongly threatening ...Kc7.} 57. Kg2 Ke7 58. a4 {[%cal Ba3a4,Ba4a5,Ba5a6,Ba6a7][%mdl 32]} Ng7 59. Nc6+ Kd7 60. Nxa5 {Rb7+ is the strong threat.} b2 61. Nb7 Kc7 62. a5 {Threatening Nc5.} Nf5 63. Kh2 {Black must now prevent Nd6!} Rc1 (63... Re1 $14 64. Rxb2 Re6) 64. Rxb2 $18 Rxc3 65. a6 $1 {Threatens to win with Rb5.} Rc6 {[#]} 66. a7 $1 {[%cal Ra7a8]} Ra6 {[#]} 67. Nd6 $1 {[%cal Rd6f5][%mdl 512]} Ne7 $2 (67... Kxd6 68. Rb6+ Rxb6) (67... Rxd6 68. a8=Q) 68. g7 Kc6 {[#]} 69. Nc8 $1 {[%mdl 512] Precision: White = 45%, Black = 54%.} 1-0

[Event "Norm Congress-GM 2018"]
[Site "Saint Louis"]
[Date "2018.02.12"]
[Round "8"]
[White "Bartholomew, John"]
[Black "Patel, Advait"]
[Result "1/2-1/2"]
[WhiteElo "2472"]
[BlackElo "2478"]
[Annotator "TA"]
[PlyCount "122"]
[EventDate "2018.??.??"]
[EventType "schev"]
[EventCountry "USA"]
[SourceTitle "playchess.com"]
[Source "ChessBase"]
[SourceQuality "1"]

{[%evp 29,122,62,86,20,18,37,34,14,20,0,0,0,18,7,0,0,14,29,11,34,22,0,84,90,93,0,-9,-25,-25,-119,-58,-107,-108,-100,0,0,0,0,0,0,0,0,96,101,94,32,42,-31,0,0,0,0,187,-98,-75,-88,3,100,452,315,309,152,380,0,0,0,0,0,0,0,0,0,0,0,0,0,0,0,0,0,0,0,0,0,1337,745,571,0,0,0,0,0,0,0,0]} 1. d4 Nf6 2. c4 g6 3. Nc3 Bg7 4. e4 d6 5. f3 O-O 6. Bg5 c5 7. d5 e6 8. Qd2 exd5 9. cxd5 Re8 10. Nge2 Nbd7 11. Ng3 a6 12. a4 Qa5 13. Be2 b5 14. O-O b4 15. Nd1 c4 {LiveBook: 8 Partien. A65: Benoni} (15... Qc7 16. a5 Ne5 17. Kh1 Rb8 18. Ne3 c4 19. Bxc4 Nxc4 20. Qc1 Bd7 21. Qxc4 Rec8 22. Rfc1 Ne8 23. Qxc7 Rxc7 24. Rxc7 Nxc7 {1-0 (61) Cardelli,G (2443)-Papenin,N (2733) ICCF email 2011}) 16. Bxc4 (16. Rc1 $16) 16... Qc5+ $11 17. Ne3 h6 {Weiß steht etwas besser.} 18. Bxf6 Bxf6 19. Rac1 $146 {[%cal Ba1c1,Bc1c2,Bc2c4][%mdl 32]} ({Vorgänger:} 19. Rad1 Nb6 20. Bb3 Bd7 21. Kh1 h5 22. Ne2 Bxb2 23. Qxb2 Qxe3 {½-½ (41) Urban,K (2462)-Jacek,K (2139) Police 2013}) 19... Qd4 20. Rc2 $1 Nb6 21. Bb3 $36 {[%mdl 2048] Weiss drückt.} Bd7 22. a5 Na4 23. Bxa4 $1 Bxa4 24. Ne2 Qa7 25. Rc4 Bg5 (25... Bb5 $11 {bleibt in der Remisbreite.} 26. Rxb4 Bxe2 27. Qxe2 Bd4) 26. f4 $16 Bd8 27. Kh1 (27. Ra1 $16 Bd7 28. Kf2 (28. Rxb4 Bf6 $16)) 27... Bb5 $11 28. Ng3 h5 29. Rfc1 (29. b3 $11 {hält das Gleichgewicht.}) 29... h4 ({Lieber} 29... b3 $17 30. Nef5 gxf5 31. Nxf5 Bxc4 32. Rxc4 Bf6 33. Nxd6 Red8) 30. Ne2 Bxc4 31. Rxc4 Bf6 (31... f5 $17 32. Qd3 Bxa5) 32. Ng4 Bg7 33. f5 $1 Qe7 {zielt auf ...gxf5 ab.} 34. Qf4 $1 Be5 ({Lieber nicht} 34... Bxb2 35. f6 $18) 35. Qc1 {Und fxg6 würde nun gewinnen.} Ra7 (35... gxf5 $11 36. Nh6+ Kh7) 36. Nd4 $16 Bxd4 37. Rxd4 {Droht Dh6 und aus.} Rc7 38. Qf4 (38. Qh6 $14) 38... g5 (38... gxf5 $5 39. Nh6+ $8 Kf8 40. Nxf5 Qf6 $11) 39. Qe3 f6 40. h3 Rb8 $2 {[#]} (40... Rec8 $11 {und Schwarz steht sicher.} 41. e5 Rc1+ 42. Kh2 dxe5) 41. Qb3 $2 (41. e5 $1 $18 {[%mdl 512]} Kf7 (41... dxe5 42. d6) 42. Qd2 fxe5 43. f6) 41... Kg7 $17 42. Kh2 Rb5 (42... Rc1 $17 43. Rc4 Rxc4 44. Qxc4 Qb7) 43. e5 $1 $11 {[%cal Re5f6,Be4e5,Be5e6][%mdl 32]} Qd7 $2 {[%mdl 8192]} (43... dxe5 $16 44. d6 Qe8 45. dxc7 exd4) 44. e6 Qc8 45. Re4 (45. Nf2 $18 {bietet bessere Gewinnchancen.}) 45... Re7 $2 (45... Qe8 $16) 46. Rxb4 $2 (46. Qd1 $18 {Dd4 ist eine echte Drohung.} Rxa5 47. Ne3 (47. Rxb4 Qc5 $17)) 46... Qc5 47. Rxb5 axb5 {[%mdl 4096] Endspiel KDT-KDS} 48. Qd3 Qb4 49. Qc2 Qxa5 50. Qc6 Qb4 {Droht stark ...Df4+.} 51. Qb6 Qf4+ 52. Kg1 Qc1+ 53. Kh2 Qf4+ 54. Kg1 Qb4 55. Kh2 Qf4+ 56. Kg1 Re8 $2 {[%mdl 8192]} (56... b4 $11) 57. Qc7+ Kh8 {[#]} 58. Qf7 $2 ({Der einzige Zug:} 58. Qc3 $1 $18 {[%cal Rc3f6]} Qxf5 59. Qxf6+ Qxf6 60. Nxf6) 58... Qc1+ $1 {Die Stellung ist ausgeglichen.} 59. Kh2 Qf4+ 60. Kh1 Qc1+ 61. Kh2 Qf4+ {Precision: Weiß = 54%, Schwarz = 41%.} 1/2-1/2

[Event "Norm Congress-GM 2018"]
[Site "Saint Louis"]
[Date "2018.02.12"]
[Round "8"]
[White "Boros, Denes"]
[Black "Vorontsov, Pavlo"]
[Result "0-1"]
[WhiteElo "2445"]
[BlackElo "2559"]
[Annotator "TA"]
[PlyCount "92"]
[EventDate "2018.??.??"]
[EventType "schev"]
[EventCountry "USA"]
[SourceTitle "playchess.com"]
[Source "ChessBase"]
[SourceQuality "1"]

{[%evp 13,92,35,52,12,25,24,31,14,0,-21,-17,-28,-32,-93,2,-59,-93,-422,-416,-397,-382,-466,-467,-407,-232,-215,-222,-221,-206,-202,-168,-187,-184,-198,-204,-216,-216,-214,-197,-226,-206,-261,-248,-411,-408,-419,-420,-404,-405,-444,-437,-294,-397,-615,-600,-606,-605,-604,-596,-597,-597,-2865,-1777,-941,-941,-2971,-2768,-1997,-1987,-1800,-1224,-3812,-1698,-29977,-29979,-29977,-29980,-29979,-29977,-29978,-29974]} 1. e4 g6 2. d4 Bg7 3. Nc3 d6 4. Be3 Nf6 5. Qd2 O-O 6. f3 e5 7. d5 c6 {LiveBook: 11 Games} 8. Bg5 {B07: Pirc Defence: Miscellaneous Systems} (8. O-O-O cxd5 9. Nxd5 Nxd5 10. Qxd5 Be6 11. Qxb7 Nd7 12. Ne2 Rb8 13. Qa6 Qc7 14. Nc3 Rfc8 15. Qxd6 Qb7 16. Na4 Rc6 17. Qd3 {½-½ (17) Sveshnikov,E (2512)-Spasov,V (2565) Albena 2013}) 8... h6 9. Be3 $146 ({Find the theoretical novelty and annotate with similar games:} 9. Bxh6 Nxe4 10. Nxe4 Qh4+ 11. g3 Qxh6 12. Qxh6 Bxh6 13. dxc6 Nxc6 14. Rd1 Be6 15. Nxd6 Rfd8 {0-1 (30) Zimmermann,P-Rapparlie,W Baden 1992}) 9... cxd5 10. Nxd5 {White is slightly better.} Nxd5 11. Qxd5 Nc6 12. Qd2 Be6 $36 {[%mdl 2048] White is under pressure.} 13. O-O-O (13. Ne2 $15) 13... Rc8 (13... Bxa2 $17 14. b3 a5) 14. Ne2 (14. Kb1 $1 $11) 14... Bxa2 $15 15. Bxh6 $2 {[%mdl 8192]} (15. Nc3 $17 Be6 16. Qxd6) 15... Bxh6 $19 16. Qxh6 Qa5 $1 17. Nc3 {[#]} Nd4 $1 {[%cal Rd4b3]} 18. Qe3 Be6 (18... d5 $142 19. exd5 {[#]} Bb3 $1 {[%mdl 512]} 20. Qxe5 Nxc2) 19. Rxd4 exd4 20. Qxd4 Qa1+ 21. Kd2 Qxb2 {...d5! is the strong threat.} 22. Bd3 Ba2 23. h4 {intending h5.} Rc5 24. Ne2 Qxd4 25. Nxd4 Bc4 26. g4 a5 {[%cal Ba7a5,Ba5a4,Ba4a3,Ba3a2][%mdl 32]} 27. h5 a4 28. f4 $2 (28. Bxc4 Rxc4 29. c3) 28... Bxd3 29. Kxd3 {Now hxg6 and White clings on.} gxh5 30. gxh5 {[%mdl 4096] Endgame KRR-KRN} a3 31. Nf5 Rxf5 32. exf5 {KR-KR} Ra8 33. Kc3 (33. Ra1 $142 Kh7 34. Ra2) 33... Kh7 34. Kb3 a2 35. Ra1 Kh6 36. Kb2 f6 37. c4 Ra5 38. Kc3 Kxh5 39. Kd4 Kg4 40. Ke4 Kg3 41. Ke3 Kg2 42. Kd4 Kf3 43. Rf1+ Ke2 {Black mates.} 44. Ra1 Kd2 45. c5 dxc5+ 46. Kc4 Kc2 {Precision: White = 24%, Black = 83%.} 0-1

[Event "Norm Congress-GM 2018"]
[Site "Saint Louis"]
[Date "2018.02.12"]
[Round "8"]
[White "Tsolakidou, Stavroula"]
[Black "Paragua, Mark"]
[Result "1-0"]
[WhiteElo "2412"]
[BlackElo "2513"]
[Annotator "TA"]
[PlyCount "107"]
[EventDate "2018.??.??"]
[EventType "schev"]
[EventCountry "USA"]
[SourceTitle "playchess.com"]
[Source "ChessBase"]
[SourceQuality "1"]

{[%evp 17,107,0,9,0,0,-3,0,-2,15,7,21,8,20,22,77,72,227,200,260,63,106,80,122,56,56,28,29,0,0,-53,-40,0,-35,-32,0,0,0,-39,-31,-31,-31,-54,-45,-40,-41,-44,0,0,0,0,0,0,134,142,189,211,242,272,267,261,249,0,0,0,176,168,306,44,72,0,192,196,362,279,512,489,758,754,1114,582,516,521,738,727,694,661,1381,1329,2320,2390,29982,29983]} 1. e4 e5 2. Nf3 Nc6 3. Bb5 Nf6 4. d3 Bc5 5. Bxc6 dxc6 6. Nbd2 {C65: Ruy Lopez: Berlin Defence (3...Nf6), unusual lines and 4 0-0 Bc5} (6. Nc3 O-O 7. Be3 Bd6 8. Bg5 Re8 9. h3 c5 10. Nd5 Be7 11. Nxe7+ Qxe7 12. O-O h6 13. Be3 Nd7 14. Nd2 {1-0 (29) Carlsen,M (2837)-Karjakin,S (2760) Riadh 2017}) 6... O-O 7. Qe2 Re8 8. Nc4 Nd7 9. Bd2 f6 {LiveBook: 5 Games} 10. O-O-O Nf8 11. Kb1 Ne6 $146 ({Predecessor:} 11... Be6 12. Ne3 Qd7 13. Rhg1 a5 {1-0 (40) Chigaev,M (2566)-Fakhrutdinov,T (2429) Khanty-Mansiysk 2017}) 12. Rhg1 b5 13. Ne3 a5 14. g4 {[%cal Bg2g4,Bg4g5][%mdl 32]} a4 15. Nf5 b4 (15... a3 $11 {keeps the balance.}) 16. g5 $16 {Threatens to win with gxf6.} g6 $2 (16... b3 $16 {was called for.}) 17. Nh6+ $18 Kg7 18. Ng4 $2 (18. gxf6+ $18 Qxf6 19. Ng4) 18... fxg5 $14 19. Ngxe5 {[%cal Rd2g5]} a3 20. b3 (20. Nxg5 $2 Nd4 $19) (20. Nxc6 Qd6 $11) (20. Bxg5 $6 Nxg5 21. Rxg5 axb2 $11) ({White should try} 20. d4 $1 $16 {[%cal Rd4c5]} Nxd4 21. Nxd4 Rxe5 22. Nxc6) 20... Qf6 21. Bc1 ({Avoid the trap} 21. Bxg5 $2 Nxg5 22. Rxg5 Rxe5 $1 $19 {[%mdl 512]}) 21... Nf4 22. Bxf4 Qxf4 23. Qd2 (23. Rxg5 $11 Be7 24. Rg2) 23... Rf8 24. Rxg5 Qxd2 25. Rxd2 Bd6 26. h4 Rf4 27. Rg3 Be6 28. Nxc6 Raf8 29. e5 Bc5 30. d4 Bb6 $1 31. Ng5 Bf5 {And now ...h6 would win.} 32. Ne7 Rxh4 {( -> ...Rh1+)} 33. Rg1 $36 {[%mdl 2048] White fights for an advantage.} Bd7 34. Nd5 Rf5 ({Much worse is} 34... Rxd4 $6 35. Rxd4 Bxd4 36. e6 $16) (34... Bc8 $1 $11 {remains equal.}) 35. f4 $16 Ba7 36. Nxc7 {Black must now prevent e6.} h6 37. Nge6+ Kf7 38. Nc5 Bc6 39. N7a6 $2 (39. Rc1 $18) 39... Rhxf4 $11 40. Nxb4 Ba8 $2 (40... Rf1+ $11 {and Black has nothing to worry.} 41. Rd1 Rxd1+ 42. Rxd1 Bf3) 41. Nba6 $1 $18 {c4 is the strong threat.} h5 (41... Bxc5 $142 42. Nxc5 Rf1+ 43. Rd1 Rxg1 44. Rxg1 h5) 42. Rdd1 $2 (42. c4 $18) 42... Bf3 $14 43. Rd2 (43. e6+ $1 $16 Ke7 44. Rd2) 43... h4 $2 {[#]} (43... Ba8 $1 $11 {and Black is okay.}) 44. e6+ $1 $18 {[%cal Be5e6,Be6e7][%mdl 32]} Kf6 $2 (44... Ke7) 45. c4 h3 $2 {[#]} (45... Be4+ 46. Nxe4+ Rxe4) 46. Re1 $1 Rh5 (46... Bh5 $142 47. e7 g5) 47. e7 Bc6 48. Rh2 Bxc5 49. Nxc5 ({Less strong is} 49. dxc5 Re4 $16) 49... Kf7 50. d5 Be8 51. Ne4 {aiming for Nd6+.} Rxe4 52. Rxe4 g5 53. c5 g4 54. Rf2+ {Precision: White = 52%, Black = 38%.} 1-0

[Event "Norm Congress-GM 2018"]
[Site "Saint Louis"]
[Date "2018.02.13"]
[Round "9"]
[White "Vorontsov, Pavlo"]
[Black "Chandra, Akshat"]
[Result "1/2-1/2"]
[WhiteElo "2559"]
[BlackElo "2510"]
[Annotator "TA"]
[PlyCount "138"]
[EventDate "2018.??.??"]
[EventType "schev"]
[EventCountry "USA"]
[SourceTitle "playchess.com"]
[Source "ChessBase"]
[SourceQuality "1"]

{[%evp 15,138,16,10,2,20,14,20,20,20,20,17,20,15,15,13,14,19,18,17,17,26,21,36,36,36,32,31,36,33,37,39,49,105,104,116,114,135,129,131,128,149,149,139,128,128,125,130,128,123,123,123,120,108,114,147,124,157,147,167,128,179,116,122,121,118,118,125,116,129,95,104,95,95,0,60,0,95,81,88,87,86,86,93,95,95,95,107,95,109,0,96,0,100,112,104,91,86,86,131,125,245,205,251,165,167,152,147,144,186,35,35,42,52,0,0,0,0,0,0,0,8,8,8,8,8]} 1. e4 e5 2. Nf3 Nc6 3. Bb5 Nf6 4. O-O Nxe4 5. Re1 Nd6 6. Nxe5 Be7 7. Bf1 Nxe5 8. Rxe5 O-O 9. Nc3 {[%cal Bb1c3,Bc3d5,Bd5e3,Be3f5,Bf5e7][%mdl 32] C67: Ruy Lopez: Berlin Defence: 4 0-0 Nxe4} Ne8 10. Nd5 Bd6 11. Re1 c6 12. Ne3 Bc7 13. Nf5 d5 14. Ne7+ Kh8 {Strongly threatening ...Be6.} 15. Nxc8 Rxc8 16. d3 f5 {[#]} 17. Qf3 $146 Qf6 18. c3 Nd6 19. Bf4 Nf7 20. Re2 Bxf4 21. Qxf4 Rfe8 22. Rae1 Rxe2 23. Rxe2 $40 {[%mdl 128] White has some attack.} Kg8 {[#]} (23... Nd6 $14) 24. Qe3 $1 $16 {[%cal Re3e8] Intending Qe8+! and mate.} Nd6 25. Qxa7 f4 26. g3 Rf8 27. Bh3 Nf7 {[#]} 28. Be6 $1 ({Don't play} 28. Qxb7 Ne5 $16) 28... Kh8 {Threatens to win with ...Ne5.} 29. Bxf7 ({Resist} 29. Qxb7 $6 Ne5 $11) 29... Qxf7 {[%mdl 4096] Endgame KQR-KQR} 30. Qd4 fxg3 31. hxg3 h6 32. Qe3 Qh5 33. d4 Qf5 34. Kg2 Qb1 35. a3 Kg8 36. Qd2 Qg6 37. Re5 h5 (37... Re8 $16) 38. Qe3 (38. Qe2 $18) 38... h4 39. Rg5 Qh6 40. gxh4 Qxh4 41. f3 Qh6 42. Qe5 Rf6 43. Qe8+ Rf8 44. Qe5 Rf6 $1 45. Qe8+ (45. Kg3 {is interesting.} Re6 46. Qf5 Re2 47. Rh5 Qc1 48. Qh7+) 45... Rf8 46. Qg6 Qxg6 47. Rxg6 {KR-KR} Re8 48. Kf2 Kf7 49. Rg5 Kf6 50. Rh5 Kg6 51. Rh1 Kf6 52. Rh5 Kg6 $1 {[%cal Rg6h5]} 53. Rh1 (53. Re5 {keeps more tension.} Rh8 54. Kg2 Kf7 55. a4 Rh6 56. a5) 53... Kf6 $1 54. a4 Ra8 55. b3 Kf5 56. Re1 Kf6 57. Kg3 Rh8 (57... b5 $16 {is a better defense.}) 58. a5 g5 59. Ra1 Kf5 60. a6 bxa6 61. Rxa6 Rh6 62. Rb6 $2 (62. b4 $18) 62... Re6 $14 63. c4 {Hoping for cxd5.} Re3 $1 64. cxd5 ({Better is} 64. Kf2 $1 $14 Rd3 65. Rxc6 dxc4 66. bxc4 Rxd4 67. Ke2) 64... cxd5 $11 {The position is equal.} 65. Rd6 g4 $1 66. Rxd5+ Ke6 67. Re5+ Rxe5 68. dxe5 {Threatening mate with f4.} gxf3 69. Kxf3 {White wants to mate with Ke4.} Kxe5 {Precision: White = 73%, Black = 63%.} 1/2-1/2

[Event "Norm Congress-GM 2018"]
[Site "Saint Louis"]
[Date "2018.02.13"]
[Round "9"]
[White "Paragua, Mark"]
[Black "Boros, Denes"]
[Result "1-0"]
[WhiteElo "2513"]
[BlackElo "2445"]
[Annotator "TA"]
[PlyCount "50"]
[EventDate "2018.??.??"]
[EventType "schev"]
[EventCountry "USA"]
[SourceTitle "playchess.com"]
[Source "ChessBase"]
[SourceQuality "1"]

{[%evp 26,50,10,0,19,15,23,12,18,10,21,20,102,102,109,116,115,102,115,113,139,135,229,239,283,276,373]} 1. c4 e6 2. Nc3 Nf6 3. d4 Bb4 4. e3 O-O 5. Nge2 d5 6. a3 Bd6 7. Ng3 c5 8. dxc5 Bxc5 9. b4 Bd6 {E46: Nimzo-Indian: Rubinstein: 4 e3 0-0 5 Ne2 without early Bd3} (9... Be7 10. Bb2 a6 11. cxd5 exd5 12. Bd3 Nc6 13. Nce2 Bd6 14. O-O Be6 15. f4 Bc7 16. Bc2 Bg4 17. Qd3 Bxe2 18. Nxe2 {½-½ (52) Svidler,P (2746)-Bologan,V (2672) Tromsoe 2013}) 10. Bb2 Nc6 11. cxd5 exd5 12. Nb5 Be5 13. Bxe5 Nxe5 14. Be2 {LiveBook: 4 Games} a5 15. O-O Qe7 16. Qd4 $146 ({Predecessor:} 16. bxa5 Rxa5 17. Qd2 {0-1 (94) Forsaa,E (2305)-Sanchez Botella,L (2196) Caleta 2013}) 16... axb4 17. axb4 Rxa1 18. Rxa1 Bd7 (18... Rd8 $11 {keeps the balance.}) 19. Nc3 $16 Nc6 20. Nxd5 Nxd5 21. Qxd5 Be6 22. Qc5 Qf6 23. Rd1 Qb2 (23... Rd8 $16 {is a better defense.}) 24. b5 $18 Ne5 25. f4 Nd7 1-0